Horní Slezsko a severní Morava jako silný region střední Evropy : sborník referátů ze druhého česko-polského pracovního semináře : Komorní Lhotka, 17.2.-18.2.2000 /

Korporativní autor: Vysoká škola báňská - Technická univerzita Ostrava. Ekonomická fakulta
Další autoři: Šotkovský, Ivan, 1961-, Malinovský, Jan, 1948-, Milerski, Osvald, 1942-
Jazyk: Polština
Čeština
Vydáno: Ostrava : Vysoká škola báňská - Technická univerzita, 2000
Témata:
Fyzický popis: 187 s. ; 23 cm
Knihy
Uloženo v:
LEADER 02300nam a2200529 a 4500
001 000547771
003 CZ BrMZK
005 20080505140413.0
007 ta
008 000115s2000 xr f cze d
015 |a cnb000989640 
020 |a 80-7078-840-2 
035 |a (OCoLC)50346296 
040 |a BOA001  |b cze 
041 1 |a cze  |a pol 
043 |a e-pl---  |a e-xr---  |b e-xr-mr  |2 czenas 
072 7 |a 332  |x Regionální ekonomie, regionální ekonomika  |2 Konspekt  |9 4 
080 |a 332  |2 MRF 
080 |a 332.055.2  |2 MRF 
080 |a 316.4.063.3  |2 MRF 
080 |a (=162.3):(=162.1)  |2 MRF 
080 |a (438)  |2 MRF 
080 |a (437.32-17)  |2 MRF 
080 |a (062.534)  |2 MRF 
245 0 0 |a Horní Slezsko a severní Morava jako silný region střední Evropy :  |b sborník referátů ze druhého česko-polského pracovního semináře : Komorní Lhotka, 17.2.-18.2.2000 /  |c [editor: Jan Malinovský, Osvald Milerski, Ivan Šotkovský]. 
260 |a Ostrava :  |b Vysoká škola báňská - Technická univerzita,  |c 2000 
300 |a 187 s. ;  |c 23 cm 
500 |a Text čes. nebo pol. 
650 0 7 |a regionální ekonomie  |7 ph116029  |z Česko  |2 czenas 
650 0 7 |a regionální ekonomie  |7 ph116029  |z Polsko  |2 czenas 
650 0 7 |a regionální rozvoj  |7 ph125083  |z Česko  |2 czenas 
650 0 7 |a regionální rozvoj  |7 ph125083  |z Polsko  |2 czenas 
650 0 7 |a přeshraniční spolupráce  |7 ph135604  |z Česko  |2 czenas 
650 0 7 |a přeshraniční spolupráce  |7 ph135604  |z Polsko  |2 czenas 
650 0 7 |a Češi a Poláci  |7 ph138787  |2 czenas 
655 7 |a sborníky konferencí  |7 fd133333  |2 czenas 
610 2 7 |a Euroregion Silesia (sdružení)  |7 ko2006341911  |2 czenas 
610 2 7 |a Euroregion Těšínské Slezsko - Śląsk Cieszyński (sdružení)  |7 ko2006341907  |2 czenas 
651 7 |a Horní Slezsko  |7 ge137209  |2 czenas 
651 7 |a Morava severní (Česko)  |7 ge130074  |2 czenas 
700 1 |a Šotkovský, Ivan,  |d 1961-  |7 mzk2002112121 
700 1 |a Malinovský, Jan,  |d 1948-  |7 mzk2004261074 
700 1 |a Milerski, Osvald,  |d 1942-  |7 ola2004192489 
710 2 |a Vysoká škola báňská - Technická univerzita Ostrava.  |b Ekonomická fakulta  |7 kn20010709388 
910 |a BOA001  |b 2-1081.505 
990 |a BK 
996 6 |b 2610128526  |c 2-1081.505  |l MZK  |r Sklad / do 1 hodiny  |n 3  |p p.v.  |w 000547771  |u 000010  |a 1  |e BOA001  |j MZK50  |s P